| 000 | 00984nam a2200229Ia 4500 | ||
|---|---|---|---|
| 001 | L262-19269 | ||
| 003 | IT-CnALBA | ||
| 008 | 170116s9999||||xx |||||||||||||| ||und|| | ||
| 040 |
_aIT-CnALBA _cIT-CnALBA |
||
| 041 | _aITALIANO | ||
| 100 | _aPIO XII, PAPA PACELLI EUGENIO. | ||
| 245 | 0 | _aDIRITTO PENALE E SUE BASI METAFISICHE... AI partecipanti AL VI CONGRESSO INTERNAZIONALE... | |
| 250 | _a1a ed. | ||
| 260 |
_aCINISELLO BALSAMO (MI) _bEDIZIONI PAOLINE _c1953 [1° Ed.:1953 - Ed.Ling.Originale: 1953] |
||
| 300 | _a24 p. | ||
| 500 | _aCOMPITO E NECESSITÀ DEL DIRITTO PENALE INTERNAZIONALE. IMPORTANZA. EQUITA' DELLE SANZIONI. GARANZIE. FONDAMENTI. | ||
| 501 | _aSocietà San Paolo EM - Piazza San Paolo, 14 - 12051 ALBA (CN) (non commercial uses only) ® Copyright 2017 | ||
| 520 | _aCOMPITO E NECESSITÀ DEL DIRITTO PENALE INTERNAZIONALE. IMPORTANZA. EQUITA' DELLE SANZIONI. GARANZIE. FONDAMENTI. | ||
| 650 | _aECCLESIOLOGIA | ||
| 942 | _cBK | ||
| 957 | _71 | ||
| 999 |
_a24008 _bNO _g Copie: 1 _c278390 _d278390 |
||